000 00479nam a2200181Ia 4500
005 20250326123837.0
008 250326s9999 xx 000 0 und d
037 _aTextbook
040 _aFMSL
_beng
_cFMSL
041 _aeng
_2eng
084 _aS4(X8) K4
_qFMSL
100 _aSiegel L
_987952
245 0 _aIndustrial psychology
_cSiegel L
260 _aUSA
_bUSA, Richard D Irwin
_c1962
300 _a414p
942 _cTB
_hS4(X8) K4
999 _c1271158
_d1271158